FUELS COMBUSTION AND FURNACES (Record no. 568592)

000 -LEADER
fixed length control field 00249nam a22001097a 4500
082 ## - DEWEY DECIMAL CLASSIFICATION NUMBER
Classification number 660 GRI'F
100 ## - MAIN ENTRY--PERSONAL NAME
Personal name GRISWOLD, JOHN
9 (RLIN) 58391
245 ## - TITLE STATEMENT
Title FUELS COMBUSTION AND FURNACES
260 ## - PUBLICATION, DISTRIBUTION, ETC.
Place of publication, distribution, etc. LONDON
Name of publisher, distributor, etc. MCGRAW HILL
Date of publication, distribution, etc. 1946
300 ## - PHYSICAL DESCRIPTION
Extent 496P
942 ## - ADDED ENTRY ELEMENTS (KOHA)
Koha item type Book
Holdings
Withdrawn status Lost status Damaged status Not for loan Permanent Location Current Location Shelving location Date acquired Total Checkouts Full call number Barcode Date last seen Price effective from Koha item type
        College of Electrical & Mechanical Engineering (CEME) College of Electrical & Mechanical Engineering (CEME) General Stacks 07/17/2017   660 GRI'F CEME-3080 06/28/2021 06/28/2021 Book
© 2023 Central Library, National University of Sciences and Technology. All Rights Reserved.